[Event "HZ Chess Tournament 2019"]
[Site "Vlissingen"]
[Date "2019.08.04"]
[Round "2.11"]
[White "Zwirs, Nico"]
[Black "Morssink, Pieter Jan"]
[Result "1-0"]
[WhiteElo "2391"]
[BlackElo "1918"]
[PlyCount "75"]
[EventCountry "NED"]

1. c4 Nf6 2. Nc3 g6 3. g3 Bg7 4. Bg2 O-O 5. e4 e5 6. Nge2 d6 7. O-O Nh5 8. d4
Nc6 9. dxe5 dxe5 10. Qxd8 Nxd8 11. Be3 c6 12. Rfd1 f5 13. exf5 gxf5 14. f4 e4
15. b3 Ne6 16. Bh3 Nc7 17. Rd2 b5 18. cxb5 Nxb5 19. Rc1 Nxc3 20. Nxc3 Ba6 21.
Na4 Bb5 22. Nc5 Rad8 23. Rxd8 Rxd8 24. Bxf5 Nf6 25. a4 Bd3 26. Ne6 Nd5 27. Nxd8
Nxe3 28. Be6+ Kf8 29. Nxc6 Bb2 30. Rc5 Kg7 31. Kf2 Nc2 32. Rxc2 Bxc2 33. Bc4
Kf6 34. Ke3 Bc1+ 35. Ke2 h5 36. Nxa7 h4 37. Nc6 h3 38. a5 1-0

[Event "HZ Chess Tournament 2019"]
[Site "Vlissingen"]
[Date "2019.08.04"]
[Round "2.17"]
[White "Elgersma, Onno"]
[Black "Leentjens, Gilbert"]
[Result "1-0"]
[WhiteElo "2258"]
[BlackElo "1869"]
[PlyCount "63"]
[EventCountry "NED"]

1. e4 e5 2. Nf3 Nc6 3. Bb5 a6 4. Ba4 Nf6 5. O-O b5 6. Bb3 Bb7 7. d3 Bc5 8. Nc3
d6 9. a3 h6 10. Nd5 Nd4 11. Nxd4 Bxd4 12. c3 Ba7 13. Nxf6+ Qxf6 14. Kh1 g5 15.
a4 Bb6 16. Be3 c5 17. axb5 axb5 18. Rxa8+ Bxa8 19. Qg4 Bb7 20. Ra1 h5 21. Qxg5
Qxg5 22. Bxg5 c4 23. dxc4 Rg8 24. h4 Bxf2 25. Rf1 Bxh4 26. Bxh4 Rg4 27. Bf6
Bxe4 28. Rf2 bxc4 29. Bxc4 Bxg2+ 30. Rxg2 Rxc4 31. Rd2 Rf4 32. Rxd6 1-0

[Event "HZ Chess Tournament 2019"]
[Site "Vlissingen"]
[Date "2019.08.04"]
[Round "2.18"]
[White "Wunnink, Michael"]
[Black "Timmermans, Adri"]
[Result "1-0"]
[WhiteElo "2249"]
[BlackElo "1860"]
[PlyCount "70"]
[EventCountry "NED"]

1. d4 Nf6 2. Nf3 e6 3. c4 d5 4. g3 Bb4+ 5. Bd2 Bxd2+ 6. Nbxd2 O-O 7. Bg2 c6 8.
Qc2 Nbd7 9. O-O b6 10. e4 dxe4 11. Nxe4 Nxe4 12. Qxe4 Bb7 13. Rac1 Nf6 14. Qe3
Rc8 15. Rfd1 Qe7 16. Ne5 c5 17. d5 exd5 18. cxd5 Qd6 19. Nc4 Qb8 20. Qe5 Qxe5
21. Nxe5 Rcd8 22. d6 Bxg2 23. Kxg2 Rfe8 24. f4 Nd7 25. Nc6 Ra8 26. Re1 Re6 27.
Rcd1 Rae8 28. Rxe6 fxe6 29. Re1 Kf8 30. Nxa7 Ra8 31. Nc6 Rxa2 32. Re2 Nf6 33.
Nd8 Ke8 34. Nxe6 Kd7 35. Nxg7 Kxd6 1-0

[Event "HZ Chess Tournament 2019"]
[Site "Vlissingen"]
[Date "2019.08.04"]
[Round "2.20"]
[White "Weber, Dirk"]
[Black "Boecker, Juergen"]
[Result "1/2-1/2"]
[WhiteElo "2227"]
[BlackElo "1858"]
[PlyCount "52"]
[EventCountry "NED"]

1. e4 e5 2. Nc3 Nf6 3. f4 d5 4. fxe5 Nxe4 5. Nf3 Bc5 6. d4 Bb4 7. Bd2 Bg4 8.
Nxe4 dxe4 9. Bxb4 exf3 10. gxf3 Qh4+ 11. Ke2 Nc6 12. c3 Bh5 13. Ba3 O-O-O 14.
Qb1 Kb8 15. Bg2 Rhe8 16. Qe1 Nxd4+ 17. cxd4 Qxd4 18. Kf1 Bg6 19. Qf2 Qc4+ 20.
Kg1 Rxe5 21. h4 b6 22. Re1 Rxe1+ 23. Qxe1 Qf4 24. h5 Rd1 25. Qxd1 Qe3+ 26. Kh2
Qf4+ 1/2-1/2

[Event "HZ Chess Tournament 2019"]
[Site "Vlissingen"]
[Date "2019.08.04"]
[Round "2.21"]
[White "Van de Poel, Taco"]
[Black "Stillger, Bernhard"]
[Result "0-1"]
[WhiteElo "1880"]
[BlackElo "2202"]
[PlyCount "40"]
[EventCountry "NED"]

1. e4 c5 2. Nc3 a6 3. Nf3 d6 4. d4 cxd4 5. Nxd4 Nf6 6. h3 e5 7. Nde2 h5 8. Bg5
Be7 9. g3 Nbd7 10. Bg2 Qc7 11. a4 b6 12. O-O Bb7 13. Qd2 O-O 14. Rfd1 Rfd8 15.
Rac1 Nc5 16. b3 Ne6 17. h4 Qc5 18. Nd5 Bxd5 19. exd5 Nd4 20. Nc3 Qxc3 0-1

[Event "HZ Chess Tournament 2019"]
[Site "Vlissingen"]
[Date "2019.08.04"]
[Round "2.23"]
[White "Mesman, Edwyn"]
[Black "Baete, Guy"]
[Result "1-0"]
[WhiteElo "2172"]
[BlackElo "1838"]
[PlyCount "93"]
[EventCountry "NED"]

1. d4 d6 2. c4 e5 3. Nc3 Nf6 4. d5 Be7 5. e4 O-O 6. Bd3 a5 7. Nge2 Nbd7 8. O-O
Nc5 9. Bc2 b6 10. b3 Bb7 11. a3 Ncd7 12. Rb1 Ba6 13. Ng3 Ne8 14. Nf5 Bf6 15.
Ne3 g6 16. b4 axb4 17. axb4 Bg5 18. Bd3 h5 19. Bd2 Nef6 20. f3 Nh7 21. Qc2 Ndf6
22. Rfc1 h4 23. Ne2 Nh5 24. c5 bxc5 25. bxc5 Bxd3 26. Qxd3 Ra2 27. Rd1 Qa8 28.
Nc4 Bxd2 29. Rxd2 Rxd2 30. Qxd2 Qa7 31. Qe3 Qa2 32. Rc1 Rb8 33. cxd6 cxd6 34.
Nxd6 Rb2 35. Nc3 Rxg2+ 36. Kf1 Qd2 37. Qxd2 Rxd2 38. Nc4 Rxh2 39. Kg1 Rh3 40.
Nxe5 f6 41. d6 Nf4 42. Nd5 Ne2+ 43. Kg2 Rg3+ 44. Kf2 Nxc1 45. d7 fxe5 46. d8=Q+
Kg7 47. Qc7+ 1-0

[Event "HZ Chess Tournament 2019"]
[Site "Vlissingen"]
[Date "2019.08.04"]
[Round "2.24"]
[White "Van Haaften, Maarten"]
[Black "Van Baar, Esper"]
[Result "0-1"]
[WhiteElo "1870"]
[BlackElo "2171"]
[PlyCount "54"]
[EventCountry "NED"]

1. e4 c5 2. Nf3 d6 3. d4 cxd4 4. Nxd4 Nf6 5. Nc3 a6 6. h3 e5 7. Nde2 b5 8. g4
b4 9. Nd5 Nxd5 10. exd5 Be7 11. Bg2 O-O 12. Ng3 Bh4 13. Nf5 Bxf5 14. gxf5 Bg5
15. h4 Bxc1 16. Qxc1 Nd7 17. Qe3 Qc7 18. O-O-O Nf6 19. Rhg1 Kh8 20. Be4 Rg8 21.
Rg2 Rac8 22. f4 exf4 23. Qf3 Qc4 24. Bd3 Qxa2 25. Qxf4 Qa1+ 26. Kd2 Qxb2 27.
Qxd6 b3 0-1

[Event "HZ Chess Tournament 2019"]
[Site "Vlissingen"]
[Date "2019.08.04"]
[Round "2.26"]
[White "Duchene, Rene"]
[Black "Silkaitis, Laimis"]
[Result "1-0"]
[WhiteElo "2157"]
[BlackElo "1678"]
[PlyCount "87"]
[EventCountry "NED"]

1. d4 d5 2. Nf3 Nf6 3. c4 e6 4. g3 a6 5. Bg2 dxc4 6. O-O Nc6 7. Nc3 Rb8 8. e4
Be7 9. d5 Nb4 10. Ne5 Nd3 11. Nxd3 cxd3 12. Qxd3 exd5 13. exd5 O-O 14. Be3 b5
15. Rac1 Bb7 16. Rfd1 Bd6 17. a4 b4 18. Ne2 a5 19. Qc4 Nd7 20. Nd4 Ne5 21. Qe2
Ra8 22. Nc6 Nxc6 23. dxc6 Ba6 24. Qg4 f5 25. Qd4 Qe8 26. Bf4 Rd8 27. Qd5+ Kh8
28. Bxd6 Rxd6 29. Qxa5 Rxd1+ 30. Rxd1 Qe2 31. Qd5 Qxb2 32. Qxf5 Re8 33. Bf3 Qc3
34. Kg2 b3 35. Qd7 Qe5 36. Qd5 Qc3 37. Qf7 Qe5 38. Qxb3 h6 39. Qd5 Qc3 40. Qd7
Rf8 41. Be4 Be2 42. Rd2 Bg4 43. Qf7 Bf3+ 44. Qxf3 1-0

[Event "HZ Chess Tournament 2019"]
[Site "Vlissingen"]
[Date "2019.08.04"]
[Round "2.27"]
[White "Altenbernd, Dirk"]
[Black "Zevenhuizen, Daniel"]
[Result "1/2-1/2"]
[WhiteElo "1859"]
[BlackElo "2152"]
[PlyCount "82"]
[EventCountry "NED"]

1. c4 Nf6 2. g3 g6 3. Bg2 Bg7 4. Nc3 O-O 5. e4 d6 6. Nge2 c5 7. O-O Nc6 8. d3
Ne8 9. Be3 Nc7 10. Qd2 Ne6 11. Bh6 Ned4 12. Bxg7 Kxg7 13. f4 e6 14. Rab1 Rb8
15. Nxd4 Nxd4 16. b4 cxb4 17. Rxb4 Qa5 18. Qb2 e5 19. fxe5 dxe5 20. Kh1 Be6 21.
Nd5 b6 22. Rb5 Qa4 23. Nc3 Qc2 24. Qxc2 Nxc2 25. Rxe5 Nb4 26. Rd1 a6 27. d4 Nc6
28. Rxe6 fxe6 29. e5 Na5 30. Bh3 Rbe8 31. Ne4 Nxc4 32. Rc1 b5 33. Nc5 Rf2 34.
Nxe6+ Kf7 35. Ng5+ Ke7 36. a4 Rd8 37. axb5 axb5 38. Ne6 Rd5 39. Ra1 Rd2 40.
Ra7+ Rd7 41. Nc7 Rd1+ 1/2-1/2

[Event "HZ Chess Tournament 2019"]
[Site "Vlissingen"]
[Date "2019.08.04"]
[Round "2.28"]
[White "Sparenberg, Erik"]
[Black "Van de Krol, Sernin"]
[Result "1/2-1/2"]
[WhiteElo "2146"]
[BlackElo "1603"]
[PlyCount "103"]
[EventCountry "NED"]

1. e4 c5 2. Nf3 Nc6 3. c3 e6 4. d4 cxd4 5. cxd4 d5 6. e5 Nge7 7. Na3 Nf5 8. Nc2
Be7 9. Bd3 O-O 10. h4 Qa5+ 11. Bd2 Qb6 12. Bc3 f6 13. g4 fxe5 14. gxf5 e4 15.
Ne3 exd3 16. Qxd3 Nb4 17. Qe2 exf5 18. Kf1 f4 19. Bxb4 Bxb4 20. Nxd5 Qd6 21.
Nxb4 Qxb4 22. a3 Qd6 23. Qe5 Qa6+ 24. Kg2 Bg4 25. Ng5 Rae8 26. Qd5+ Be6 27.
Nxe6 f3+ 28. Kh3 Qxe6+ 29. Qxe6+ Rxe6 30. Rhe1 Re2 31. Rxe2 fxe2 32. Re1 Re8
33. Kg3 Rd8 34. Rxe2 Rxd4 35. Re3 Rd7 36. Rf3 Rd6 37. Rf5 a6 38. Rf4 Rb6 39. b4
Rg6+ 40. Kf3 Rc6 41. a4 Re6 42. Rc4 Kf7 43. Kg4 Kf6 44. Rf4+ Ke7 45. Rd4 Kf6
46. f4 g6 47. Rd7 h5+ 48. Kf3 Re7 49. Rd6+ Re6 50. Rd7 Re7 51. Rd6+ Re6 52. Rd7
1/2-1/2

[Event "HZ Chess Tournament 2019"]
[Site "Vlissingen"]
[Date "2019.08.04"]
[Round "2.31"]
[White "Smit, Manuel"]
[Black "Wagenvoorde, Guido"]
[Result "1-0"]
[WhiteElo "1831"]
[BlackElo "2128"]
[PlyCount "85"]
[EventCountry "NED"]

1. b3 b6 2. e3 Bb7 3. Nf3 c5 4. Bb2 d6 5. Bb5+ Nd7 6. O-O a6 7. Bxd7+ Qxd7 8.
d4 Nf6 9. c4 e6 10. Nc3 Be7 11. d5 e5 12. Nd2 O-O 13. f4 exf4 14. exf4 Ng4 15.
Nce4 h6 16. Qf3 f5 17. h3 Nf6 18. Ng3 b5 19. Rae1 bxc4 20. bxc4 Bc8 21. Nxf5
Qxf5 22. Rxe7 Rb8 23. Qc3 Rf7 24. Rxf7 Kxf7 25. g4 Qg6 26. f5 Qg5 27. Bc1 Qh4
28. Kg2 Nd7 29. f6 Ne5 30. fxg7+ Kxg7 31. Nf3 Qe7 32. Qe3 Kg8 33. Nxe5 Qxe5 34.
Qxh6 Qe4+ 35. Kg3 Qe5+ 36. Kh4 Bd7 37. Bg5 Qg7 38. Qxd6 Re8 39. Rf6 Qh7+ 40.
Rh6 Qf7 41. Rg6+ Kh7 42. Rf6 Qg7 43. Rh6+ 1-0

[Event "HZ Chess Tournament 2019"]
[Site "Vlissingen"]
[Date "2019.08.04"]
[Round "2.33"]
[White "Coenen, Eduard"]
[Black "Lian, Kai En Gerard"]
[Result "1-0"]
[WhiteElo "2101"]
[BlackElo "1415"]
[PlyCount "121"]
[EventCountry "NED"]

1. d4 Nf6 2. c3 e6 3. Bg5 Be7 4. Nd2 d5 5. e3 Nc6 6. f4 Ne4 7. Bxe7 Nxe7 8. Bd3
f5 9. Ngf3 O-O 10. Ne5 Nc6 11. Nxc6 bxc6 12. Nf3 c5 13. O-O cxd4 14. cxd4 Nd6
15. Rc1 Rb8 16. Rf2 Bb7 17. Qa4 Ra8 18. Rfc2 Rf7 19. Ne5 Re7 20. Ba6 Qc8 21.
Bd3 a6 22. Qa5 Ne8 23. b3 g6 24. g4 fxg4 25. Nxg4 Qd8 26. Ne5 Qd6 27. Qd2 Rg7
28. Kh1 Rc8 29. Bf1 Nf6 30. Bg2 Nd7 31. Nd3 Kh8 32. Qa5 Nf6 33. Nc5 c6 34. Bh3
Re7 35. Qb6 Rb8 36. Nxb7 Rbxb7 37. Qxc6 Rb6 38. Qxd6 Rxd6 39. Rc6 Red7 40. Bxe6
Rxc6 41. Rxc6 Re7 42. Kg2 Ra7 43. Rd6 Kg7 44. Bxd5 Ng4 45. Kf3 Nxh2+ 46. Kg3
Nf1+ 47. Kf2 Nd2 48. Ke2 Nb1 49. Kd3 Na3 50. Bc4 Nb5 51. Rb6 Nc7 52. d5 h5 53.
d6 Ne8 54. e4 h4 55. e5 Rd7 56. Be6 Rd8 57. Rxa6 Kf8 58. Bd5 h3 59. Be4 h2 60.
Rc6 Kf7 61. Rc2 1-0

[Event "HZ Chess Tournament 2019"]
[Site "Vlissingen"]
[Date "2019.08.04"]
[Round "2.34"]
[White "Veer Sethi"]
[Black "Van Liempt, Michael"]
[Result "0-1"]
[WhiteElo "1575"]
[BlackElo "2091"]
[PlyCount "42"]
[EventCountry "NED"]

1. e4 c5 2. d4 cxd4 3. c3 g6 4. cxd4 d5 5. e5 Bg7 6. f4 Nh6 7. Nf3 Bg4 8. Bb5+
Nc6 9. Bxc6+ bxc6 10. Be3 Qb6 11. Qd2 Bxf3 12. gxf3 Nf5 13. Bf2 Rb8 14. b3 Qa6
15. Nc3 Rxb3 16. Rc1 Rb8 17. Qc2 O-O 18. Na4 Rb4 19. Nc5 Qa3 20. Nb3 Rc4 21.
Qd3 Rxc1+ 0-1

[Event "HZ Chess Tournament 2019"]
[Site "Vlissingen"]
[Date "2019.08.04"]
[Round "2.36"]
[White "Wagner, Margarethe"]
[Black "De Wolf, Johan"]
[Result "1/2-1/2"]
[WhiteElo "1660"]
[BlackElo "2075"]
[PlyCount "44"]
[EventCountry "NED"]

1. e4 c5 2. Nf3 h6 3. Nc3 b6 4. d4 cxd4 5. Nxd4 Bb7 6. Be3 Nc6 7. Qd2 Nf6 8. f3
g6 9. Nxc6 dxc6 10. Qxd8+ Rxd8 11. Bd3 Nd7 12. O-O-O e6 13. Ne2 Bc5 14. Bd4
Bxd4 15. Nxd4 Nc5 16. Nb3 Nxd3+ 17. Rxd3 Rxd3 18. cxd3 e5 19. Nd2 Ke7 20. Nc4
Ke6 21. Kd2 Rd8 22. Ke3 c5 1/2-1/2

[Event "HZ Chess Tournament 2019"]
[Site "Vlissingen"]
[Date "2019.08.04"]
[Round "2.37"]
[White "Jacobs, Paul"]
[Black "Hng, Mei-En Emmanuelle"]
[Result "0-1"]
[WhiteElo "1636"]
[BlackElo "2026"]
[PlyCount "60"]
[EventCountry "NED"]

1. d4 Nf6 2. Nf3 c5 3. e3 e6 4. Be2 Be7 5. O-O Qc7 6. a3 b6 7. dxc5 bxc5 8. c4
Bb7 9. b3 Ng4 10. g3 Bf6 11. Ra2 Nc6 12. Nbd2 O-O 13. Ne4 Be7 14. Rd2 d5 15.
cxd5 exd5 16. Nc3 Nf6 17. Bb2 Rad8 18. Qa1 Na5 19. Qa2 Qb6 20. Bd1 Rfe8 21. Ne5
Bd6 22. Na4 Qc7 23. Nd3 c4 24. Nf4 Bxf4 25. exf4 Ne4 26. Rc2 Qc6 27. Bd4 Nxb3
28. Qxb3 cxb3 29. Rxc6 Bxc6 30. Bxb3 Nd2 0-1

[Event "HZ Chess Tournament 2019"]
[Site "Vlissingen"]
[Date "2019.08.04"]
[Round "2.38"]
[White "Hamelink, Joost"]
[Black "Hoffman, Ron"]
[Result "0-1"]
[WhiteElo "1645"]
[BlackElo "1987"]
[PlyCount "89"]
[EventCountry "NED"]

1. d4 Nf6 2. Nf3 g6 3. c4 Bg7 4. Nc3 O-O 5. Bg5 d6 6. e3 h6 7. Bh4 c5 8. Be2
Bf5 9. Bxf6 Bxf6 10. e4 Bg4 11. e5 Bg7 12. h3 cxd4 13. Qxd4 Bf5 14. g4 Nc6 15.
Qd2 Be6 16. exd6 exd6 17. O-O Qa5 18. a3 Rac8 19. b4 Qb6 20. Rfd1 Ne7 21. Rac1
Rfd8 22. Na4 Qa6 23. Qc2 b5 24. Nc5 dxc5 25. Rxd8+ Rxd8 26. cxb5 Qxa3 27. bxc5
Bb3 28. Qb1 Bb2 29. Re1 Ba2 30. Qc2 Qc3 31. Qxc3 Bxc3 32. Rc1 Bf6 33. b6 axb6
34. cxb6 Rb8 35. Bc4 Bxc4 36. Rxc4 Rxb6 37. Rc2 Nd5 38. Kg2 Rb3 39. Ng1 Nf4+
40. Kh2 Be5 41. f3 Rb1 42. Ra2 Ne2+ 43. Kg2 Rb8 44. Kf2 Bd4+ 45. Kxe2 0-1

[Event "HZ Chess Tournament 2019"]
[Site "Vlissingen"]
[Date "2019.08.04"]
[Round "2.40"]
[White "Lukas, Anne"]
[Black "Bogaard, Ranco"]
[Result "1-0"]
[WhiteElo "1842"]
[BlackElo "1482"]
[PlyCount "49"]
[EventCountry "NED"]

1. d4 Nf6 2. Bg5 e6 3. e4 Be7 4. e5 Nd5 5. Bxe7 Nxe7 6. Bd3 Nbc6 7. Nf3 d5 8.
c3 b6 9. Nbd2 Bb7 10. a4 Qd7 11. b4 O-O 12. Bxh7+ Kh8 13. Bc2 f6 14. Nh4 Qe8
15. Qg4 Bc8 16. Ng6+ Kg8 17. Nxf8 Kxf8 18. exf6 gxf6 19. Qh4 Qf7 20. Qh8+ Ng8
21. Bd1 Qg6 22. Bh5 Qxg2 23. O-O-O Nce7 24. Rhg1 Qxh2 25. Qh7 1-0

[Event "HZ Chess Tournament 2019"]
[Site "Vlissingen"]
[Date "2019.08.04"]
[Round "2.42"]
[White "De Bock, Martin"]
[Black "Aarav Kumar koni dena"]
[Result "1/2-1/2"]
[WhiteElo "1661"]
[BlackElo "1310"]
[PlyCount "72"]
[EventCountry "NED"]

1. Nf3 c5 2. c4 e6 3. Nc3 Nc6 4. d4 cxd4 5. Nxd4 Bc5 6. e3 Nf6 7. Be2 O-O 8.
O-O a6 9. a3 Qc7 10. b4 Be7 11. Bf3 Ne5 12. c5 d6 13. cxd6 Bxd6 14. Nce2 Nxf3+
15. Nxf3 Rd8 16. Qe1 b5 17. Bb2 Ng4 18. Ng3 Bb7 19. Rc1 Qe7 20. Qe2 Bd5 21. h3
Nf6 22. Nd2 Nd7 23. Nge4 Ne5 24. Nxd6 Qxd6 25. Bxe5 Qxe5 26. Nf3 Qf6 27. Nd2
Qb2 28. Qe1 Bxg2 29. Kxg2 Qxd2 30. Qxd2 Rxd2 31. Rfd1 Rxd1 32. Rxd1 g6 33. Kf3
Kg7 34. Ke4 Kf6 35. Rd6 Ke7 36. Rb6 Ra7 1/2-1/2

[Event "HZ Chess Tournament 2019"]
[Site "Vlissingen"]
[Date "2019.08.04"]
[Round "2.44"]
[White "Westerweele, Henrik"]
[Black "Hagen, Tejo"]
[Result "1-0"]
[WhiteElo "1961"]
[BlackElo "1662"]
[PlyCount "47"]
[EventCountry "NED"]

1. e4 c5 2. c3 d5 3. exd5 Qxd5 4. d4 cxd4 5. cxd4 e6 6. Nf3 Nf6 7. a3 Be7 8.
Nc3 Qd8 9. Bd3 O-O 10. O-O Nc6 11. Re1 Re8 12. Bc2 b6 13. Bg5 Bb7 14. Qd3 g6
15. h4 h5 16. Rxe6 Ba6 17. Qxa6 fxe6 18. Qd3 Bf8 19. Qxg6+ Bg7 20. Ne4 Rf8 21.
Nxf6+ Rxf6 22. Qh7+ Kf8 23. Ne5 Qxd4 24. Bxf6 1-0

[Event "HZ Chess Tournament 2019"]
[Site "Vlissingen"]
[Date "2019.08.04"]
[Round "2.46"]
[White "Tuijp, Paul"]
[Black "Albrecht, Alex"]
[Result "1/2-1/2"]
[WhiteElo "1651"]
[BlackElo "1927"]
[PlyCount "47"]
[EventCountry "NED"]

1. e4 e6 2. d4 d5 3. Nc3 Bb4 4. exd5 exd5 5. Bd3 Nf6 6. Bg5 O-O 7. a3 Re8+ 8.
Nge2 Be7 9. O-O Be6 10. Nf4 Nc6 11. Nce2 Qd6 12. c3 Ng4 13. Bxe7 Nxe7 14. h3
Nf6 15. Nxe6 fxe6 16. Ng3 e5 17. dxe5 Qxe5 18. Re1 Qg5 19. Qc2 g6 20. Re2 Nc6
21. Rae1 Ne5 22. Qa4 c6 23. h4 Qg4 24. Qxg4 1/2-1/2

[Event "HZ Chess Tournament 2019"]
[Site "Vlissingen"]
[Date "2019.08.04"]
[Round "2.48"]
[White "Van Dijkhuizen, Robbert"]
[Black "Brandstaetter, Mark Pieter"]
[Result "1-0"]
[WhiteElo "1819"]
[BlackElo "1652"]
[PlyCount "59"]
[EventCountry "NED"]

1. d4 Nf6 2. c4 c5 3. d5 e6 4. Nc3 exd5 5. cxd5 d6 6. e4 g6 7. h3 Bg7 8. Nf3
O-O 9. Bd3 Re8 10. O-O c4 11. Bc2 b5 12. Nxb5 Nxe4 13. Re1 a6 14. Nbd4 Nf6 15.
Rxe8+ Qxe8 16. Ne2 Bb7 17. Nc3 Nbd7 18. Be3 Ne5 19. Ba4 Qe7 20. Nxe5 Qxe5 21.
Bd4 Qe7 22. Qf3 Rc8 23. Rd1 Nd7 24. Bxd7 Qxd7 25. Bxg7 Kxg7 26. Ne4 Qe7 27.
Qc3+ Qe5 28. Nxd6 Qxc3 29. bxc3 Rc7 30. Ne8+ 1-0

[Event "HZ Chess Tournament 2019"]
[Site "Vlissingen"]
[Date "2019.08.04"]
[Round "2.49"]
[White "Kloosterboer, Nico"]
[Black "Reichardt, Robin"]
[Result "1/2-1/2"]
[WhiteElo "1644"]
[BlackElo "1811"]
[PlyCount "127"]
[EventCountry "NED"]

1. d4 d5 2. c3 c5 3. e3 Nf6 4. Bd3 Nc6 5. Nf3 Bg4 6. Nbd2 e6 7. Bb5 Qb6 8. Qa4
Rc8 9. Ne5 Bh5 10. Ndf3 a6 11. Bxc6+ bxc6 12. dxc5 Bxc5 13. Nd4 Bxd4 14. exd4
O-O 15. b4 Qb5 16. Qxb5 cxb5 17. Bd2 Ne4 18. Nd7 Rfd8 19. Nc5 Bg6 20. f3 Nxc5
21. bxc5 Bd3 22. Kd1 e5 23. Be3 e4 24. Kd2 f5 25. f4 Rc6 26. Ke1 Rb8 27. a3 h6
28. Ra2 Kf7 29. g3 Rg8 30. h4 Kg6 31. Kf2 Kh5 32. Rb2 Kg6 33. Ra1 Kf7 34. Rh1
Ke7 35. Ra2 Kd7 36. Rg1 Rg6 37. Rb2 Kc6 38. Ra1 Re6 39. Rh1 Re7 40. Rg1 g6 41.
Ra2 Rb7 42. Rb2 Rh7 43. Rh1 Bc4 44. Kg2 Rb7 45. Kf2 Rgb8 46. Re1 Bd3 47. Bd2
Rh8 48. Ke3 Rg7 49. Rh1 Rhh7 50. Be1 Rg8 51. Rg2 Rhg7 52. Rgh2 Kd7 53. Bf2 Ke6
54. Be1 Kf6 55. Rh3 Ra8 56. R3h2 Rga7 57. Rb2 Rg8 58. Rhh2 Rag7 59. Rh1 Bc4 60.
Rhh2 Rh7 61. Rh1 Rgh8 62. Rhh2 Bd3 63. Bf2 Rb8 64. Be1 1/2-1/2

[Event "HZ Chess Tournament 2019"]
[Site "Vlissingen"]
[Date "2019.08.04"]
[Round "2.19"]
[White "Hendrikse, Ad"]
[Black "Bezemer, Arno"]
[Result "0-1"]
[WhiteElo "1925"]
[BlackElo "2245"]
[PlyCount "100"]
[EventCountry "NED"]

1. e4 c5 2. Nf3 d6 3. d4 cxd4 4. Nxd4 Nf6 5. Nc3 Nc6 6. Be2 e5 7. Nb3 Be7 8.
Be3 O-O 9. O-O a5 10. f3 a4 11. Nd2 a3 12. Nc4 axb2 13. Rb1 b5 14. Nb6 Ra3 15.
Ncd5 Nxd5 16. Nxd5 Be6 17. Qd2 Bxd5 18. exd5 Na5 19. Bxb5 Rxa2 20. c4 Qb8 21.
Rf2 Rc8 22. Qd3 Bd8 23. f4 Bf6 24. fxe5 Bxe5 25. Bd4 Bxd4 26. Qxd4 Nb3 27. Qd1
Nc5 28. Rbxb2 Rxb2 29. Rxb2 Qa7 30. Kf1 Rc7 31. Re2 Re7 32. Qe1 Rxe2 33. Qxe2
Qa1+ 34. Qe1 Qf6+ 35. Qf2 Qe5 36. Qe2 Ne4 37. g3 h5 38. Kg2 h4 39. gxh4 Qf4 40.
Ba4 Qxh4 41. Bc2 Qg5+ 42. Kh1 Nf6 43. Be4 g6 44. Bf3 Kg7 45. Qc2 Qf4 46. Kg2
Qd4 47. Qe2 Nd7 48. Qe7 Ne5 49. Qxd6 Qd2+ 50. Kg3 Qe3 0-1

[Event "HZ Chess Tournament 2019"]
[Site "Vlissingen"]
[Date "2019.08.04"]
[Round "2.22"]
[White "De Kleuver, Jonathan"]
[Black "Cordes, Hans-Joerg"]
[Result "1/2-1/2"]
[WhiteElo "1874"]
[BlackElo "2178"]
[PlyCount "104"]
[EventCountry "NED"]

1. d4 Nf6 2. c4 e6 3. g3 d5 4. Bg2 Be7 5. Nf3 O-O 6. O-O b6 7. Nc3 Bb7 8. Ne5
Na6 9. Qa4 Qe8 10. Qxe8 Rfxe8 11. Bg5 Rec8 12. Rad1 h6 13. Bxf6 Bxf6 14. cxd5
exd5 15. e4 c6 16. exd5 cxd5 17. Rfe1 g6 18. f4 h5 19. f5 Kg7 20. g4 hxg4 21.
Nxg4 Bg5 22. f6+ Bxf6 23. Nxf6 Kxf6 24. Re5 Re8 25. Nxd5+ Kg7 26. Nc7 Rxe5 27.
dxe5 Bxg2 28. Nxa8 Bxa8 29. e6 Bc6 30. Rd7 Kf6 31. Rxa7 Nc5 32. exf7 Kg7 33. b4
Nd3 34. Ra6 Bd5 35. Rxb6 Bxa2 36. Rxg6+ Kxf7 37. Rb6 Ke7 38. h4 Ne5 39. Kh2 Nd7
40. Ra6 Bc4 41. Ra1 Bf7 42. Kg3 Kd6 43. Kf4 Kc6 44. Ra5 Nb6 45. Ra7 Be8 46. Kg5
Nd5 47. Ra8 Nc7 48. Rxe8 Nxe8 49. h5 Ng7 50. h6 Ne6+ 51. Kf6 Nf8 52. Ke7 Nh7
1/2-1/2

[Event "HZ Chess Tournament 2019"]
[Site "Vlissingen"]
[Date "2019.08.04"]
[Round "2.25"]
[White "Stange, Sven"]
[Black "Van de Griend, Johan"]
[Result "1-0"]
[WhiteElo "2167"]
[BlackElo "1826"]
[PlyCount "73"]
[EventCountry "NED"]

1. d4 d5 2. c4 e6 3. Nc3 Nf6 4. Nf3 c6 5. Bf4 Bb4 6. cxd5 exd5 7. Qc2 Ne4 8.
Nd2 Bf5 9. Ncxe4 Bxe4 10. Qb3 Qb6 11. f3 Bf5 12. g4 Qxd4 13. Be3 Bxd2+ 14. Bxd2
Bc8 15. Bc3 Qe3 16. Bxg7 Qxb3 17. axb3 Rg8 18. Bd4 Na6 19. e3 c5 20. Bxa6 cxd4
21. Bb5+ Bd7 22. Bxd7+ Kxd7 23. exd4 Rg6 24. Ra5 Kd6 25. Kf2 b6 26. Ra6 Kc6 27.
Re1 Kb5 28. Rea1 Rh6 29. Kg3 Rc8 30. Rxa7 Rc2 31. h4 Rd2 32. g5 Re6 33. Rxf7
Rxb2 34. Rxh7 Rxb3 35. h5 Kc4 36. g6 Rf6 37. Rh1 1-0

[Event "HZ Chess Tournament 2019"]
[Site "Vlissingen"]
[Date "2019.08.04"]
[Round "2.29"]
[White "Nellen, Marcel"]
[Black "Mijnster, Niels"]
[Result "0-1"]
[WhiteElo "1854"]
[BlackElo "2139"]
[PlyCount "75"]
[EventCountry "NED"]

1. d4 Nf6 2. c4 e6 3. Nc3 Bb4 4. Qc2 c5 5. a3 Qa5 6. dxc5 Bxc3+ 7. bxc3 Na6 8.
Nf3 Nxc5 9. Rb1 Nce4 10. Rb4 b6 11. e3 Bb7 12. Be2 O-O 13. O-O Rfc8 14. Nd4 Qe5
15. f3 Nc5 16. e4 d5 17. exd5 exd5 18. Nf5 Re8 19. Ng3 Ba6 20. Rf2 Rad8 21.
cxd5 Bxe2 22. Rxe2 Qxd5 23. Rd4 Qc6 24. Rxd8 Rxd8 25. Nf5 Qd7 26. Rd2 Nd3 27.
Ne3 Nh5 28. Rd1 Nhf4 29. Ng4 Qc7 30. Be3 Qxc3 31. Qa2 Re8 32. g3 Nb2 33. Rd2
Qc1+ 34. Kf2 Nbd3+ 35. Rxd3 Nxd3+ 36. Ke2 Nb2 37. Qb3 h5 38. Nf2 0-1

[Event "HZ Chess Tournament 2019"]
[Site "Vlissingen"]
[Date "2019.08.04"]
[Round "2.30"]
[White "Elgersma, Simon"]
[Black "Sow, MiaoGeng Malcolm"]
[Result "1/2-1/2"]
[WhiteElo "2128"]
[BlackElo "1525"]
[PlyCount "95"]
[EventCountry "NED"]

1. e4 c5 2. Nf3 e6 3. d4 cxd4 4. Nxd4 a6 5. c4 Nf6 6. Nc3 Bb4 7. Qd3 Qa5 8. Bd2
Nc6 9. Nc2 Bc5 10. Qg3 O-O 11. a3 Nd4 12. Nxd4 Bxd4 13. Bd3 Qb6 14. Ne2 d5 15.
e5 Bxf2+ 16. Qxf2 Qxf2+ 17. Kxf2 Ng4+ 18. Ke1 Nxe5 19. Nf4 Nxd3+ 20. Nxd3 dxc4
21. Ne5 b5 22. Rf1 f6 23. Bb4 Re8 24. Ng4 e5 25. Ne3 Be6 26. Ba5 Ra7 27. Rd1
Ree7 28. Rd6 Kf7 29. g4 Red7 30. Rb6 Rd4 31. Rg1 g6 32. Bc3 Re4 33. Kf2 Rd7 34.
Rg3 Rd3 35. Rf3 f5 36. gxf5 gxf5 37. Rxa6 f4 38. Ng2 Bg4 39. Rxd3 cxd3 40. Rd6
Re2+ 41. Kf1 f3 42. Rxd3 Rxg2 43. Bxe5 Re2 44. Bg3 Rxb2 45. Rd4 Bh3+ 46. Ke1
Rb3 47. Kf2 Rxa3 48. Rf4+ 1/2-1/2

[Event "HZ Chess Tournament 2019"]
[Site "Vlissingen"]
[Date "2019.08.04"]
[Round "2.32"]
[White "Grooten, Tommy"]
[Black "Merbis, Max"]
[Result "0-1"]
[WhiteElo "1590"]
[BlackElo "2103"]
[PlyCount "44"]
[EventCountry "NED"]

1. e4 e5 2. Nf3 Nc6 3. Bc4 Nf6 4. d3 Be7 5. c3 O-O 6. Nbd2 d5 7. exd5 Nxd5 8.
Ne4 Bg4 9. h3 Bh5 10. Be3 Na5 11. Bxd5 Qxd5 12. c4 Bxf3 13. gxf3 Qd7 14. Qd2 b6
15. Bg5 f6 16. Be3 f5 17. Bh6 fxe4 18. Bxg7 Kxg7 19. Rg1+ Kh8 20. Qc3 Qxd3 21.
Qxe5+ Bf6 22. Qxc7 exf3 0-1

[Event "HZ Chess Tournament 2019"]
[Site "Vlissingen"]
[Date "2019.08.04"]
[Round "2.35"]
[White "Skutta, Bernd"]
[Black "Ng, Eng Soon Derrick"]
[Result "1-0"]
[WhiteElo "2007"]
[BlackElo "1190"]
[PlyCount "88"]
[EventCountry "NED"]

1. d4 Nf6 2. Nf3 e6 3. Bf4 c5 4. c3 Qb6 5. Qb3 Qxb3 6. axb3 Nc6 7. e3 a6 8. Na3
b5 9. Nxb5 Nd5 10. e4 Nxf4 11. Nc7+ Kd8 12. Nxa8 cxd4 13. g3 Nh5 14. Nb6 dxc3
15. bxc3 Nf6 16. Nxc8 Kxc8 17. Bxa6+ Kb8 18. Bd3 Bc5 19. b4 Bb6 20. O-O Rc8 21.
h3 d5 22. Rfe1 Ne7 23. e5 Ne4 24. Bxe4 dxe4 25. Rxe4 Rxc3 26. Rf4 g5 27. Rxf7
Nf5 28. g4 Rxf3 29. gxf5 Rxf2 30. Rf1 Rxf5+ 31. Kg2 Rxe5 32. Rxh7 Rf5 33. Rxf5
exf5 34. Kf3 Bd8 35. Rf7 f4 36. Ke4 Kc8 37. Kd5 Bc7 38. Kc6 Bd8 39. Rf5 f3 40.
Rxf3 Be7 41. b5 Kb8 42. b6 Kc8 43. Re3 Bf6 44. Re8+ Bd8 1-0